00553nam a22001697a 450000500170000001000150001702000260003203500140005803700130007208200180008510000200010324500720012326000580019527000820025330000270033550000210036220180507151708.0 aENG-122481 a9788171773282c650.00 aEN-106013 bDBAD/PUB a343.540785269 aKanungo, Arjun  aThe land surveying :cby Arjun Kanungoblaw, practice & procedure / aKolkata (Calcutta)bEastern Lal House Pvt. Ltd.c2018 a54 Ganesh Chunder AvenuebKolkata (Calcutta)e(033) 2215-1989mmail@elh.co.in a346p.bill. c22cm(Hb) aIt include index